Nutričné hodnotenie spotreby potravín v SR v rokoch 1991 a 1992 Príloha k spotrebe potravín

Saved in:
Bibliographic Details
Format: Book
Language:Slovak
Published: Bratislava Štatistický úrad Slovenskej republiky 1993
Series:Slovenská štatistika
Subjects:
Tags: Add Tag
No Tags, Be the first to tag this record!

MARC

LEADER 00000nam a2200000 4500
001 c017159
005 20251204141649.2
041 0 |a slo 
044 |a SK 
245 1 0 |a Nutričné hodnotenie spotreby potravín v SR v rokoch 1991 a 1992  |b Príloha k spotrebe potravín 
264 1 |a Bratislava  |b Štatistický úrad Slovenskej republiky  |c 1993 
300 |a 17 s. 
490 1 |a Slovenská štatistika 
830 0 |a Slovenská štatistika 
610 2 0 |a Slovensko 
610 2 0 |a spotreba potravín 
610 2 0 |a potraviny